[Event "BEL-chT 1819"]
[Site "Belgium"]
[Date "2018.09.30"]
[Round "1.3"]
[White "Clery, Nicolas"]
[Black "Vrolijk, Liam"]
[Result "0-1"]
[WhiteElo "2349"]
[BlackElo "2435"]
[PlyCount "96"]
[EventDate "2018.09.30"]
[EventType "team-tourn"]
[EventRounds "11"]
[EventCountry "BEL"]
[SourceTitle "CBM 186 Extra"]
[Source "ChessBase"]
[SourceDate "2018.08.24"]
[SourceVersion "1"]
[SourceVersionDate "2018.08.24"]
[SourceQuality "1"]
[WhiteTeam "Boitsfort"]
[BlackTeam "Liege Crelel"]
[WhiteTeamCountry "BEL"]
[BlackTeamCountry "BEL"]

1. d4 Nf6 2. Nf3 d5 3. c4 e6 4. Bg5 Bb4+ 5. Nc3 dxc4 6. e4 h6 7. Bxf6 Qxf6 8. Bxc4 c5 9. 0-0 0-0 10. e5 Qd8 11. a3 Bxc3 12. bxc3 cxd4 13. cxd4 Bd7 14. Qd3 Bc6 15. Rfd1 Qe7 16. Bb3 Nd7 17. Bc2 g6 18. h4 Rfc8 19. Rac1 Bxf3 20. Qxf3 Qxh4 21. Be4 Qg5 22. Rb1 Rab8 23. Bxb7 Rc7 24. Bc6 Nb6 25. Rb5 Rd8 26. Rc5 Nd7 27. Rb5 Rdc8 28. Rb7 Rxb7 29. Bxb7 Rc1 30. g3 Qd2 31. Rxc1 Qxc1+ 32. Kg2 Qb2 33. Bc6 Qxd4 34. Bxd7 Qxd7 35. Qe3 Qd5+ 36. Kg1 a5 37. Qxh6 Qxe5 38. Qc1 Kg7 39. a4 Qd5 40. Qc2 e5 41. Qb2 Qd1+ 42. Kg2 Qxa4 43. Qxe5+ Kg8 44. Qb8+ Kh7 45. Qa7 Kg7 46. f3 Qa1 47. Kf2 a4 48. Ke2 a3 0-1

[Event "FRA-ch Accession"]
[Site "Saint Quentin"]
[Date "2015.08.11"]
[Round "3"]
[White "Demuth, Adrien"]
[Black "Clery, Nicolas"]
[Result "1-0"]
[WhiteElo "2541"]
[BlackElo "2371"]
[PlyCount "91"]
[EventDate "2015.08.09"]
[EventType "swiss"]
[EventRounds "11"]
[EventCountry "FRA"]
[SourceTitle "EXT 2016"]
[Source "ChessBase"]
[SourceDate "2015.10.08"]
[SourceVersion "1"]
[SourceVersionDate "2015.10.08"]
[SourceQuality "1"]

1. d4 e6 2. c4 Bb4+ 3. Bd2 Bxd2+ 4. Qxd2 Nf6 5. Nf3 d5 6. Nc3 0-0 7. Qf4 Nbd7 8. e3 c5 9. cxd5 Nxd5 10. Nxd5 exd5 11. dxc5 Nxc5 12. Qd4 Ne4 13. Bd3 Ng5 14. Be2 Nxf3+ 15. Bxf3 Be6 16. 0-0 Qa5 17. Rfd1 Rfd8 18. a3 Rac8 19. Rac1 Rxc1 20. Rxc1 Rc8 21. Rd1 Qb6 22. Qxb6 axb6 23. g3 Rc2 24. Bxd5 Rxb2 25. Bxe6 fxe6 26. Rd7 Ra2 27. Rxb7 Rxa3 28. Re7 Ra8 29. Kf1 b5 30. Rxe6 Rb8 31. Ke2 Kf7 32. Rc6 g5 33. Kd3 b4 34. Kc2 b3+ 35. Kb2 g4 36. Rh6 Rf8 37. Kxb3 Kg7 38. Rh4 h5 39. Rxh5 Rxf2 40. Rg5+ Kf6 41. Rxg4 Rxh2 42. Kc3 Ke5 43. Kd3 Ra2 44. Rg5+ Kf6 45. Rg8 Ra4 46. Ke2 1-0

[Event "BEL-chT 1415"]
[Site "Belgium"]
[Date "2015.01.11"]
[Round "6.1"]
[White "Kveinys, Aloyzas"]
[Black "Clery, Nicolas"]
[Result "1/2-1/2"]
[WhiteElo "2536"]
[BlackElo "2355"]
[PlyCount "60"]
[EventDate "2014.09.28"]
[EventType "team-swiss"]
[EventRounds "11"]
[EventCountry "BEL"]
[SourceTitle "EXT 2016"]
[Source "ChessBase"]
[SourceDate "2015.10.08"]
[SourceVersion "1"]
[SourceVersionDate "2015.10.08"]
[SourceQuality "1"]
[WhiteTeam "Charleroi CREC"]
[BlackTeam "Namur"]
[WhiteTeamCountry "BEL"]
[BlackTeamCountry "BEL"]

1. c4 c5 2. Nf3 Nc6 3. Nc3 Nf6 4. e4 e5 5. d3 d6 6. g3 Be7 7. Bg2 0-0 8. h3 Ne8 9. 0-0 Nc7 10. Kh2 Rb8 11. Bd2 a6 12. Nd5 b5 13. b3 Bd7 14. Ne3 g6 15. Ng1 Ne6 16. Ne2 Ned4 17. Nc3 Bf6 18. Ncd5 Bg7 19. cxb5 axb5 20. b4 cxb4 21. Nxb4 Nxb4 22. Bxb4 Be6 23. Nc2 Qb6 24. Nxd4 Qxd4 25. Qd2 Rfc8 26. a3 d5 27. Rfc1 dxe4 28. dxe4 Qxd2 29. Bxd2 Bf8 30. Bf1 Rxc1 1/2-1/2

[Event "BEL-chT 1415"]
[Site "Belgium"]
[Date "2014.11.30"]
[Round "5.1"]
[White "Clery, Nicolas"]
[Black "Piceu, Tom"]
[Result "1-0"]
[WhiteElo "2355"]
[BlackElo "2333"]
[PlyCount "61"]
[EventDate "2014.09.28"]
[EventType "team-swiss"]
[EventRounds "11"]
[EventCountry "BEL"]
[SourceTitle "EXT 2016"]
[Source "ChessBase"]
[SourceDate "2015.10.08"]
[SourceVersion "1"]
[SourceVersionDate "2015.10.08"]
[SourceQuality "1"]
[WhiteTeam "Namur"]
[BlackTeam "KBSK Brugge"]
[WhiteTeamCountry "BEL"]
[BlackTeamCountry "BEL"]

1. d4 Nf6 2. c4 c5 3. d5 b5 4. cxb5 a6 5. bxa6 d6 6. Nc3 Bxa6 7. g3 g6 8. Bg2 Bg7 9. Nf3 0-0 10. 0-0 Nbd7 11. Rb1 Qa5 12. Bd2 Ng4 13. Qc1 Rfb8 14. b3 c4 15. h3 Nge5 16. Nd4 cxb3 17. Nc6 Nxc6 18. dxc6 Nc5 19. Nd5 Qxa2 20. Nxe7+ Kf8 21. c7 Kxe7 22. cxb8Q Rxb8 23. Bf4 Ne6 24. Rd1 Rd8 25. Bd5 Bxe2 26. Rxb3 Kf8 27. Bxe6 fxe6 28. Qc7 Qa8 29. Rb7 Qxb7 30. Qxd8+ Kf7 31. Rc1 1-0

[Event "BEL-chT 1415"]
[Site "Belgium"]
[Date "2014.11.02"]
[Round "3.1"]
[White "Clery, Nicolas"]
[Black "Docx, Stefan"]
[Result "1-0"]
[WhiteElo "2355"]
[BlackElo "2455"]
[PlyCount "65"]
[EventDate "2014.09.28"]
[EventType "team-swiss"]
[EventRounds "11"]
[EventCountry "BEL"]
[SourceTitle "EXT 2015"]
[Source "ChessBase"]
[SourceDate "2014.11.20"]
[SourceVersion "1"]
[SourceVersionDate "2014.11.20"]
[SourceQuality "1"]
[WhiteTeam "Namur"]
[BlackTeam "Borgerhout"]
[WhiteTeamCountry "BEL"]
[BlackTeamCountry "BEL"]

1. d4 Nf6 2. c4 e6 3. Nf3 c5 4. d5 d6 5. Nc3 exd5 6. cxd5 g6 7. Bf4 Bg7 8. Qa4+ Bd7 9. Qb3 Qc7 10. e4 0-0 11. Nd2 Nh5 12. Be3 f5 13. exf5 Bxf5 14. Be2 Nf6 15. h3 Na6 16. g4 Bd7 17. a3 Rab8 18. Bb5 Bxb5 19. Nxb5 Qf7 20. 0-0-0 Nc7 21. Nxd6 Qd7 22. N2e4 Kh8 23. Bxc5 b6 24. Be3 Nfxd5 25. Kb1 Nxe3 26. fxe3 Qe7 27. h4 Ne6 28. h5 Nc5 29. Qd5 Nxe4 30. hxg6 Nf6 31. Rxh7+ Nxh7 32. Rh1 Bxb2 33. Nf5 1-0

[Event "Cappelle op 30th"]
[Site "Cappelle la Grande"]
[Date "2014.03.05"]
[Round "6"]
[White "Le Montagner, Yoann"]
[Black "Clery, Nicolas"]
[Result "1-0"]
[WhiteElo "2050"]
[BlackElo "2355"]
[PlyCount "143"]
[EventDate "2014.03.01"]
[EventType "swiss"]
[EventRounds "9"]
[EventCountry "FRA"]
[SourceTitle "CBM 159 Extra"]
[Source "ChessBase"]
[SourceDate "2014.04.24"]
[SourceVersion "1"]
[SourceVersionDate "2014.04.24"]
[SourceQuality "1"]

1. e4 e6 2. d4 d5 3. Nc3 Bb4 4. e5 Ne7 5. Bd2 c5 6. Nb5 Bxd2+ 7. Qxd2 0-0 8. f4 Bd7 9. dxc5 Bxb5 10. Bxb5 Qc7 11. Nf3 Qxc5 12. Bd3 Nbc6 13. 0-0-0 Nb4 14. a3 Nxd3+ 15. Qxd3 Rfc8 16. Nd4 Nc6 17. Rd2 Nxd4 18. Qxd4 Qa5 19. Rhd1 Rc4 20. Qf2 Rac8 21. c3 b5 22. Kb1 Qa4 23. Rd4 Qb3 24. Ka1 b4 25. axb4 R8c6 26. R1d3 h6 27. Rxc4 Qxc4 28. Rd4 Qb3 29. Qe2 Qa4+ 30. Kb1 Ra6 31. b5 Qa1+ 32. Kc2 Ra2 33. Kb3 Ra5 34. Kc2 Ra2 35. Kb3 Ra5 36. Kc2 Qg1 37. f5 Ra1 38. fxe6 fxe6 39. Kb3 Qxh2 40. Ra4 Rxa4 41. Kxa4 Qg1 42. Qg4 Kf7 43. Qh5+ Kf8 44. Qg4 Kf7 45. Qh5+ Kf8 46. Qg4 Qb6 47. Qd4 g5 48. Qg4 Kg7 49. Qf3 Qd8 50. Qf2 Qb6 51. Qf6+ Kh7 52. Qf7+ Kh8 53. Qg6 a6 54. Qxh6+ Kg8 55. Qxg5+ Kh7 56. Qh4+ Kg7 57. Qb4 Kg6 58. g3 axb5+ 59. Qxb5 Qg1 60. Qd3+ Kg5 61. b4 Qc1 62. Qd4 Qc2+ 63. Ka5 Qa2+ 64. Kb6 Kg6 65. Qg4+ Kf7 66. Qh5+ Ke7 67. Qh7+ Kf8 68. Qh8+ Ke7 69. Qf6+ Ke8 70. Qxe6+ Kf8 71. Qd6+ Kg8 72. Qb8+ 1-0

[Event "Cappelle op 28th"]
[Site "Cappelle la Grande"]
[Date "2012.03.08"]
[Round "7"]
[White "Durczak, Mathieu"]
[Black "Clery, Nicolas"]
[Result "1-0"]
[WhiteElo "2078"]
[BlackElo "2400"]
[PlyCount "131"]
[EventDate "2012.03.03"]
[EventType "swiss"]
[EventRounds "9"]
[EventCountry "FRA"]
[SourceTitle "CBM 147 Extra"]
[Source "ChessBase"]
[SourceDate "2012.04.24"]
[SourceVersion "1"]
[SourceVersionDate "2012.04.24"]
[SourceQuality "1"]

1. Nf3 Nc6 2. d4 d5 3. c4 Bg4 4. Nc3 e6 5. cxd5 exd5 6. Bf4 Bd6 7. Bg3 Nge7 8. e3 h5 9. a3 h4 10. Bxd6 Qxd6 11. h3 Bf5 12. Nb5 Qd7 13. Bd3 Be4 14. Nc3 Qf5 15. Bxe4 dxe4 16. Nd2 Qg6 17. Ncxe4 Qxg2 18. Qf3 Qxf3 19. Nxf3 Nd5 20. Rg1 g6 21. Nc3 0-0-0 22. Rg4 Nce7 23. Nxd5 Nxd5 24. Ne5 Rh7 25. Nf3 Rh5 26. Ne5 Rf8 27. 0-0-0 g5 28. Rdg1 f6 29. Nd3 c6 30. Kd2 a5 31. b3 Rhh8 32. Nc5 Re8 33. Nd3 Rhf8 34. Nc5 Re7 35. Na4 Rfe8 36. Nc3 Nc7 37. e4 Ne6 38. Ne2 Rd8 39. Kc3 b6 40. Rd1 Red7 41. a4 Kb7 42. Rgg1 Re8 43. Rd2 c5 44. d5 Nd8 45. f3 Nf7 46. Nc1 f5 47. Re2 Ne5 48. Rxg5 Nxf3 49. Rxf5 Nd4 50. Rf4 Nxe2+ 51. Nxe2 Rh7 52. Kc4 Kc7 53. Nc3 Rh6 54. Nb5+ Kd7 55. Rf7+ Re7 56. Rf4 Rh8 57. d6 Rg7 58. Kd5 Rh5+ 59. e5 Rhh7 60. Rf8 Rg5 61. Ra8 Rhh5 62. Ra7+ Kd8 63. Re7 Rg3 64. Rc7 Ke8 65. Kc6 Rg8 66. d7+ 1-0

[Event "FRA-chT Top 12"]
[Site "Mulhouse"]
[Date "2011.05.29"]
[Round "4.5"]
[White "Sokolov, Andrei"]
[Black "Clery, Nicolas"]
[Result "1-0"]
[WhiteElo "2573"]
[BlackElo "2396"]
[PlyCount "125"]
[EventDate "2011.05.26"]
[EventType "team-tourn"]
[EventRounds "11"]
[EventCountry "FRA"]
[SourceTitle "CBM 142 Extra"]
[Source "ChessBase"]
[SourceDate "2011.06.27"]
[SourceVersion "1"]
[SourceVersionDate "2011.06.27"]
[SourceQuality "1"]
[WhiteTeam "Mulhouse Philidor"]
[BlackTeam "Noyon"]
[WhiteTeamCountry "FRA"]
[BlackTeamCountry "FRA"]

1. e4 e5 2. Nf3 Nc6 3. Bb5 Nf6 4. 0-0 Nxe4 5. d4 Nd6 6. Bxc6 dxc6 7. dxe5 Nf5 8. Qxd8+ Kxd8 9. h3 Ke8 10. Nc3 h5 11. Bg5 Be6 12. b3 a5 13. Rad1 Be7 14. Ne4 b6 15. Rfe1 h4 16. Nd4 Nxd4 17. Rxd4 Rh5 18. f4 Rd8 19. Rxd8+ Kxd8 20. Kf2 Rh8 21. Rd1+ Ke8 22. Ke3 Bf5 23. c4 Bxg5 24. Nxg5 Rh6 25. c5 Ke7 26. Nf3 f6 27. Rc1 Bd7 28. Rc2 Bf5 29. Rc1 Bd7 30. Nd4 fxe5 31. fxe5 Rg6 32. Kf2 Rg5 33. cxb6 cxb6 34. Nxc6+ Bxc6 35. Rxc6 Rf5+ 36. Kg1 Rxe5 37. Rxb6 Re2 38. a4 Rb2 39. Rb5 Kf6 40. Rxa5 Rxb3 41. Rb5 Ra3 42. Rb4 g5 43. Rg4 Re3 44. Kf2 Re5 45. Rb4 Kg6 46. Kf3 Kh5 47. Re4 Rc5 48. Ke3 Rc2 49. Rg4 Rc3+ 50. Kd2 Rc5 51. Kd3 Rc1 52. Kd2 Rc5 53. Rb4 Rf5 54. Kc3 Rf2 55. Rb2 Rf1 56. Ra2 Rc1+ 57. Kd4 g4 58. a5 gxh3 59. gxh3 Kg5 60. a6 Rc8 61. a7 Ra8 62. Kc5 Kf4 63. Ra3 1-0

[Event "BEL-chT 1011"]
[Site "Belgium"]
[Date "2011.02.06"]
[Round "8.1"]
[White "Bojkov, Dejan"]
[Black "Clery, Nicolas"]
[Result "1/2-1/2"]
[WhiteElo "2544"]
[BlackElo "2392"]
[PlyCount "115"]
[EventDate "2010.09.26"]
[EventType "team-tourn"]
[EventRounds "11"]
[EventCountry "BEL"]
[SourceTitle "EXT 2012"]
[Source "ChessBase"]
[SourceDate "2011.11.24"]
[SourceVersion "1"]
[SourceVersionDate "2011.11.24"]
[SourceQuality "1"]
[WhiteTeam "Amay"]
[BlackTeam "Namur"]
[WhiteTeamCountry "BEL"]
[BlackTeamCountry "BEL"]

1. e4 e5 2. Bc4 Nc6 3. Nf3 Bc5 4. c3 Nf6 5. d3 0-0 6. 0-0 d6 7. Bb3 a6 8. h3 h6 9. Re1 Ba7 10. Nbd2 Re8 11. Nc4 Be6 12. a4 Ne7 13. a5 Ng6 14. Be3 Bxe3 15. Rxe3 Qe7 16. d4 Rad8 17. d5 Bc8 18. Ba4 Rf8 19. b4 Nf4 20. b5 Nd7 21. bxa6 bxa6 22. Bxd7 Bxd7 23. Ncd2 Rb8 24. Rb1 f5 25. c4 Qf7 26. Rxb8 Rxb8 27. Kh2 Qh5 28. Qf1 g5 29. Ng1 g4 30. Rg3 Kh8 31. Qd1 Nxg2 32. exf5 Bxf5 33. Qc1 Nf4 34. c5 Nd3 35. Rxd3 Bxd3 36. cxd6 cxd6 37. Qc7 Rf8 38. Qxd6 Rxf2+ 39. Kg3 Rf7 40. hxg4 Qg5 41. Ngf3 Qf4+ 42. Kh3 e4 43. Ne5 Qe3+ 44. Kh4 Qg5+ 45. Kg3 Rg7 46. Qf8+ Kh7 47. Qf4 Re7 48. Nc6 e3 49. Qxg5 hxg5 50. Nf3 Rd7 51. Nb4 Bb5 52. Nxg5+ Kh6 53. Nf3 e2 54. Kf2 Rc7 55. Nc6 Rd7 56. Ncd4 Rxd5 57. Nf5+ Kh7 58. Ng5+ 1/2-1/2

[Event "BEL-chT 1011"]
[Site "Belgium"]
[Date "2010.11.21"]
[Round "4.1"]
[White "Braun, Christian1111"]
[Black "Clery, Nicolas"]
[Result "1/2-1/2"]
[WhiteElo "2408"]
[BlackElo "2402"]
[PlyCount "51"]
[EventDate "2010.09.26"]
[EventType "team-tourn"]
[EventRounds "11"]
[EventCountry "BEL"]
[SourceTitle "EXT 2012"]
[Source "ChessBase"]
[SourceDate "2011.11.24"]
[SourceVersion "1"]
[SourceVersionDate "2011.11.24"]
[SourceQuality "1"]
[WhiteTeam "Eynatten II"]
[BlackTeam "Namur"]
[WhiteTeamCountry "BEL"]
[BlackTeamCountry "BEL"]

1. e4 e5 2. Nf3 Nc6 3. Bb5 Nf6 4. 0-0 Nxe4 5. d4 Nd6 6. Bxc6 dxc6 7. dxe5 Nf5 8. Qxd8+ Kxd8 9. Nc3 Ke8 10. h3 h5 11. Bg5 Be6 12. a3 Be7 13. Rad1 b6 14. Rfe1 h4 15. Re4 Bxg5 16. Nxg5 a5 17. Nxe6 fxe6 18. Rc4 c5 19. Nb5 Rd8 20. Nxc7+ Ke7 21. Re1 Rd2 22. b4 axb4 23. axb4 Rf8 24. Nb5 Ng3 25. fxg3 Rff2 26. gxh4 1/2-1/2

[Event "FRA-chT Top 16 GpA"]
[Site "France"]
[Date "2010.05.01"]
[Round "6"]
[White "Clery, Nicolas"]
[Black "Geenen, Marc"]
[Result "1/2-1/2"]
[WhiteElo "2391"]
[BlackElo "2327"]
[PlyCount "66"]
[EventDate "2010.03.26"]
[EventType "team-tourn"]
[EventRounds "7"]
[EventCountry "FRA"]
[SourceTitle "CBM 135 Extra"]
[Source "ChessBase"]
[SourceDate "2010.05.04"]
[SourceVersion "1"]
[SourceVersionDate "2010.05.04"]
[SourceQuality "1"]

1. d4 d5 2. c4 c6 3. Nc3 dxc4 4. e3 b5 5. a4 b4 6. Na2 e6 7. Bxc4 Nf6 8. Nf3 Bb7 9. 0-0 Be7 10. Bd2 a5 11. Nc1 Nbd7 12. Nb3 0-0 13. Qe2 c5 14. Rfc1 Qb6 15. Be1 Rfc8 16. Bb5 Bd5 17. Nfd2 cxd4 18. Nxd4 Ne5 19. f3 Bc5 20. Bf2 Bxd4 21. exd4 Nc6 22. Nc4 Qd8 23. Ne5 Ne7 24. Rc5 Nf5 25. Rac1 Nd6 26. Nc6 Qf8 27. Ne5 Nxb5 28. axb5 Rcb8 29. Bh4 Qd6 30. Bxf6 gxf6 31. Ng4 Qf4 32. Qe3 Qxe3+ 33. Nxe3 Bb3 1/2-1/2

[Event "CZE-chT 0809"]
[Site "Czech Republic"]
[Date "2009.02.07"]
[Round "6.6"]
[White "Netusil, Miloslav"]
[Black "Clery, Nicolas"]
[Result "0-1"]
[WhiteElo "2291"]
[BlackElo "2377"]
[PlyCount "76"]
[EventDate "2008.11.08"]
[EventType "team-tourn"]
[EventRounds "11"]
[EventCountry "CZE"]
[SourceTitle "EXT 2010"]
[Source "ChessBase"]
[SourceDate "2010.11.25"]
[SourceVersion "1"]
[SourceVersionDate "2010.11.25"]
[SourceQuality "1"]
[WhiteTeam "Litomerice"]
[BlackTeam "Bohemians"]
[WhiteTeamCountry "CZE"]
[BlackTeamCountry "CZE"]

1. e4 e6 2. d4 d5 3. Nc3 Nf6 4. Bd3 c5 5. exd5 Nxd5 6. dxc5 Nxc3 7. bxc3 Bxc5 8. Nf3 Nd7 9. 0-0 Be7 10. Qe2 0-0 11. Qe4 g6 12. Bh6 Re8 13. Bb5 a6 14. Bxd7 Bxd7 15. Rad1 Bf6 16. Qxb7 Re7 17. Bg5 Bxg5 18. Nxg5 Qb8 19. Qf3 Bb5 20. Rfe1 Qb7 21. Ne4 f5 22. Nc5 Qxf3 23. gxf3 Rc8 24. Rxe6 Rxe6 25. Nxe6 Rxc3 26. Rd8+ Kf7 27. Nd4 Ra3 28. Nxb5 axb5 29. Kg2 Rxa2 30. Rb8 Rb2 31. c4 b4 32. c5 Ke6 33. Rd8 Rc2 34. Rd6+ Ke5 35. f4+ Ke4 36. Rb6 Rc4 37. c6 Kd3 38. Rb7 Kc3 0-1

[Event "Prague op-A 08th"]
[Site "Prague"]
[Date "2009.01.12"]
[Round "4"]
[White "Clery, Nicolas"]
[Black "Zilka, Stepan"]
[Result "1/2-1/2"]
[WhiteElo "2373"]
[BlackElo "2471"]
[PlyCount "79"]
[EventDate "2009.01.09"]
[EventType "swiss"]
[EventRounds "9"]
[EventCountry "CZE"]
[SourceTitle "CBM 128 Extra"]
[Source "ChessBase"]
[SourceDate "2009.03.05"]
[SourceVersion "2"]
[SourceVersionDate "2009.03.25"]
[SourceQuality "1"]

1. d4 Nf6 2. c4 e6 3. Nf3 Bb4+ 4. Nbd2 b6 5. g3 Bb7 6. Bg2 0-0 7. 0-0 Bxd2 8. Qxd2 d6 9. b3 Nbd7 10. Bb2 Qe7 11. d5 exd5 12. Nh4 Rfe8 13. Nf5 Qxe2 14. Qg5 g6 15. Bxf6 Nxf6 16. Qxf6 gxf5 17. Qg5+ Kh8 18. Qxf5 Qe6 19. Qf4 c5 20. Rad1 Qe5 21. Qh4 Qe7 22. Qxe7 Rxe7 23. Bxd5 Bxd5 24. Rxd5 Rd8 25. Rfd1 Re2 26. R1d2 Rxd2 27. Rxd2 Kg7 28. Kg2 Kf6 29. Rd5 a6 30. a4 b5 31. axb5 axb5 32. Kf3 Ke6 33. Ke4 Ra8 34. Rh5 Ra3 35. Rh6+ Ke7 36. cxb5 Rxb3 37. Kd5 Rxb5 38. Rxd6 c4+ 39. Kxc4 Rh5 40. Rd4 1/2-1/2